Els Carrers de la democràcia : l'espai públic de les noves ciutats l'espai públic de les noves ciutats
ISBN:
84-7794-750-3
Descripción Física:
211 p. : il. col. ; 25 x 25 cm
MARC
| LEADER | 00000nam a2200000Ia 4500 | ||
|---|---|---|---|
| 001 | 13103 | ||
| 008 | 160829s2001 xx 000 0 cat d | ||
| 017 | |a DL B-52340-2000 | ||
| 020 | |a 84-7794-750-3 | ||
| 080 | |a B-1-383 | ||
| 245 | |a Els Carrers de la democràcia : |b l'espai públic de les noves ciutats | ||
| 260 | |a [Barcelona] : |b Diputació de Barcelona, |c 2001 | ||
| 300 | |a 211 p. : |b il. col. ; |c 25 x 25 cm | ||
| 650 | 0 | |a Urbanisme |z Barcelona (Catalunya : Província) |9 18405 | |
| 710 | 1 | |a Barcelona (Catalunya : Província). |b Diputació |9 52408 | |
| 901 | |a Arxiu | ||
| 942 | |n 1 |2 udc | ||
| 952 | |0 0 |1 0 |4 0 |6 B1383 |7 1 |9 41905 |a Arxiu |b Arxiu |d 2016-12-01 |l 0 |o B-1-383 |p 13103 |r 2016-12-01 00:00:00 |w 2016-12-01 |y ARXIU | ||
| 952 | |0 0 |1 0 |4 0 |6 PDL |7 1 |9 63714 |a Arxiu |b Arxiu |d 2022-09-01 |l 0 |o PDL |p 26636 |r 2022-09-01 00:00:00 |w 2022-09-01 |y ARXIU | ||
| 999 | |c 44352 |d 44352 | ||